Auditoria informática

Bibliographic Details
Main Author: Delgado Rojas, Xiomara
Format: Section = Libro
Language:Undetermined
Spanish
Published: Costa Rica EUNED 1997
Subjects:
LEADER 00599nam a2200205Ia 4500
008 241007s9999||||xx |||||||||||||| ||und||
020 |a 9977-64-957-5 
040 |a BIBLIOTECA-RURC/ 657.453 D352 
041 |a spa 
082 |a 657.453 D352 
100 1 |a Delgado Rojas, Xiomara 
245 1 0 |a Auditoria informática 
260 |a Costa Rica  |b EUNED  |c 1997 
300 |a 209 p. :il. 
650 7 |a PROCESAMIENTO ELECTRÓNICO DE DATOS 
650 7 |b  FORMACIÓN Y ACTIVIDADES DEL AUDITOR INFORMÁTICO 
650 7 |c  EVALUACIÓN DEL AMBIENTE INFORMÁTICO. 
942 |c BK  |2 ddc 
991 |a TEXTO 
999 |c 14526